02579 a2200205 45000010006000000050017000060080041000230030015000640400040000790800073001192450018001920200018002102500011002282640053002393000025002925051976003171000019022937000027023127000034023392677020260407155545.0260407a1989 arg spa dAR-UNSa-BCEJYS aAR-UNSa-BCEJYSbspacAR-UNSa-BCEJYS a658.8xOrganización de mercados. Marketing. Ventas. Distribución10aMercadotecnia a968-880-156-9 a3a. ed 1aMéxico :bPrentice-Hall Hispanoamericanac1989 axxii, 746 p.c25 cm. aParte I: Comprensión de la Mercadotecnia: 1. Fundamentos sociales de la mercadotecnia: satisfacción de las necesidades humanas - 2. Proceso de la administración de mercadotecnia - Parte II: Organización del proceso de planificación de mercadotecnia: 3. Planeación estratégica y planeación de mercadotecnia - 4. Investigación de mercados y sistemas de información - Parte III: Análisis de oportunidades de mercado: 5. Ambiente de mercadotecnia - 6. Mercados de consumo: influencia sobre conducta del consumidor - 7. Mercados de consumo: rocesoso de decisión del comprador - 8. Mercados organizacionales y conducta de compra organizacional - Parte IV: Sección de mercados meta: 9. Medición y prónostico de la demanda - 10. Segmentación, selección de mercados y posicionamiento en el mercado - Parte V: Desarrollo de la mezcla de mercadotecnia: 11. Diseño de productos: productos, marcas, empaque y servicios - 12. Diseño de productos: estartegias relativas al desarrollo de nuevos productos y al ciclo de vida del producto - 13. Fijación de precios de los productos: consideraciones y enfoques - 14. Fijación de precio de los productos: estratgias - 15. Colocación de productos: canales de distribución y distribución física - 16. Colocación de productos: comercios detallista y mayorista - 17. Promoción de productos: comunicación y estrategias - 18. Promoción de productos: publicidad, promoción de ventas y publicidad no pagada - 19. Promoción de los productos: ventas personales y administración de ventas - Parte VI: Administración del esfuerzo de mercadotecnia: 20. Estrategias competitivas de mercadotecnia: 20. Estrategias competitivas de mercadotecnia - 21. Implementación, organización, y control de los programas de mercadotecnia - Parte VII: Mercadotecnia ampliada: 22. Mercadotecnia internacional - 23. Mercadotecnia de servicios y mercadotecnia no lucrativa - 24. Mercadotecnia y sociedad.1 aKotler, Philip1 aSalazar, José Manuel1 aHernández Garnica, Clotilde